Państwa na literę G - Statystyki

Ogólne statystyki
  • Ten quiz został rozwiązany 198 razy
  • Średni wynik to 9 z 11
Statystyki odpowiedzi
Państwo Kontynent Powierzchnia Liczba ludności % Poprawnych
Grecja Europa 131 957 km² 11 216 708
98%
Gruzja Azja, Europa 69 700 km² 4 630 841
91%
Gwinea Afryka 245 857 km² 9 950 670
88%
Gwatemala Ameryka Północna 108 890 km² 12 013 907
82%
Gujana Ameryka Południowa 214 970 km² 769 095
80%
Gwinea Równikowa Afryka 28 051 km² 616 459
79%
Ghana Afryka 239 460 km² 23 000 000
78%
Gabon Afryka 267 667 km² 1 454 867
74%
Gambia Afryka 11 295 km² 1 690 000
73%
Gwinea Bissau Afryka 36 120 km² 1 475 000
72%
Grenada Ameryka Północna 344 km² 89 258
59%
Nie znaleziono quizów pasujących do podanych kryteriów
Rozkład punktacji
Procent ludzi z każdym wynikiem
Percentyl według liczby udzielonych odpowiedzi
Twoja historia wyników
Nie rozwiązałeś tego quizu